| 000 | 01056nam a2200313 i 4500 | ||
|---|---|---|---|
| 003 | EG-GICUC | ||
| 005 | 20260423145946.0 | ||
| 008 | 260423s1969 fr |||fr|||| 00| 0 fre d | ||
| 040 |
_aEG-GiCUC _bfre _cEG-GiCUC _dEG-GiCUC _eRda |
||
| 041 | _afre | ||
| 082 | 0 | 4 |
_221 _a343.425 _bBL. T |
| 092 | 0 | 4 | _221 |
| 099 | _aLaw1 10 343.425 BL. T 1969 1011262 C1 | ||
| 100 | 1 |
_aBlin, Henri _eAuteur |
|
| 245 | 1 | 0 |
_aTraité Du Droit De La Presse : _b(Ancien Code De La Presse De Barbier) / _cHenri Blin, Roland Drago, Albert Chavanne. |
| 264 | 3 |
_aParis : _bLibrairies Techniques Libraire De La Cour De Cassation, _c1969. |
|
| 300 |
_a671 page ; _c 24 cm. |
||
| 336 |
_2rda contenu _a texte |
||
| 337 |
_2rda medias _aOrdinateur |
||
| 338 |
_2 transporteur rda _a Ressource en ligne |
||
| 650 | 1 | 4 | _aDroit De La Presse |
| 650 | 1 | _aDroit Do Pénal | |
| 651 | 1 | _2qrmak | |
| 700 | 1 |
_aDrago, Roland _eAuteur |
|
| 700 | 1 |
_aChavanne, Albert _eAuteur |
|
| 856 | 4 | 0 | _uhttps://fll.law.cu.edu.eg/fulltext/bks/B10-11262.pdf |
| 905 | _a164 | ||
| 942 |
_2ddc _cBK _e21 _n0 |
||
| 999 |
_c73131 _d73131 |
||